Tipi dei Segno zodiacali - Statistics

Statistiche generali
  • Questo quiz è stato fatto 7 volte
  • Il punteggio medio è 5 su 12
Statistiche sulle risposte
Hint Risposta % Corretto
Scorpione Segni fissi
71%
Pesci Segni mobili
71%
Vergine Segni mobili
71%
Ariete Segni cardinali
57%
Cancro Segni cardinali
43%
Leone Segni fissi
43%
Aquario Segni fissi
43%
Gemelli Segni mobili
43%
Capricorno Segni cardinali
29%
Sagittario Segni mobili
29%
Bilancia Segni cardinali
14%
Toro Segni fissi
14%
Nessun quiz corrispondente trovato
Distribuzione punteggi
Percentuale di utenti per punteggio
Percentile per numero di risposta
I tuoi punteggi nel tempo
Non hai fatto questo quiz